La montée des Sassanides: et l'heure de Palmyre

Gespeichert in:
Bibliographische Detailangaben
1. Verfasser: Gagé, Jean (VerfasserIn)
Format: Buch
Sprache:Französisch
Veröffentlicht: París Albin Michel 1964
Ausgabe:3a. ed
Schriftenreihe:Le Mémorial des Siécles, 3
Schlagworte:
Tags: Tag hinzufügen
Keine Tags, Fügen Sie den ersten Tag hinzu!

MARC

LEADER 00000nam a2200000 a 4500
001 UCP8792
003 CL-VaPUC
008 000310e19640000FR |||||||||||||||||fre|d
082 0 4 |a 935.07  |b GAG  |2 21 
100 |a Gagé, Jean  |e author  |9 439436 
245 1 3 |a La montée des Sassanides: et l'heure de Palmyre 
250 |a 3a. ed 
300 |a 398 p 
942 |c BK 
945 |d 20000310 00:00:00  |a rherrera 
260 |a París  |b Albin Michel  |c 1964 
650 0 |a Historia antigua  |9 267521 
650 0 |a Civilizaciones antiguas  |9 265998 
650 7 |a MESOPOTAMIA  |2 CL-VaPUC  |9 437558 
650 7 |a IMPERIO NEOPERSA  |2 CL-VaPUC  |9 439023 
650 7 |a ROMA  |2 CL-VaPUC  |9 317375 
651 7 |a SIRIA  |2 CL-VaPUC  |9 368815 
583 |a last modification  |c 20000310 00:00:00  |k Rodrigo Vera 
490 0 |a Le Mémorial des Siécles, 3 
999 |c 285678  |d 285676 
952 |0 0  |1 0  |4 0  |6 935_070000000000000_GAG_1964  |7 0  |8 A  |9 330434  |a BIBHIS  |b BIBHIS  |d 2019-11-20  |i 139455K  |o 935.07 GAG 1964  |p 139455K  |r 2025-01-20  |w 2019-11-20  |y BK  |k HIS